Carnival VQ: actualización 2007, guía de capacitación de servicio

Gorde:
Xehetasun bibliografikoak
Erakunde egilea: KIA Motors (Egilea)
Formatua: Liburua
Hizkuntza:gaztelania
Argitaratua: Santiago KIA Motors Corporation 2007
Gaiak:
Etiketak: Etiketa erantsi
Etiketarik gabe, Izan zaitez lehena erregistro honi etiketa jartzen!

MARC

LEADER 00000nam a2200000 a 4500
001 UCH5895
003 CL-VaPUC
008 091105e20070000CL |||||||||||||||||spa|d
082 0 4 |a 629.25  |b KIA  |2 21 
110 2 |a KIA Motors  |e author  |9 542293 
245 1 0 |a Carnival VQ: actualización 2007, guía de capacitación de servicio 
300 |a pag. irreg 
942 |c BK 
945 |d 20091105 00:00:00  |a rbrito 
260 |a Santiago  |b KIA Motors Corporation  |c 2007 
500 |a Motor Lambda 
500 |a Motor J-2.9 
500 |a Transmisión mecánica 
500 |a Transmisión automática 
500 |a ESP: Programa de Estabilidad Electrónica 
500 |a VRS: Cremallera de Carrera Variable 
500 |a Air Bag-SRS, TRW GEN 5.6 
500 |a Sistema de Aire Acondicionado 
500 |a Sistema PSD & PTG 
500 |a Sistema Eléctrico de la Carrocería 
650 7 |a MOTORES DE AUTOMOVILES  |2 CL-VaPUC  |9 364790 
650 0 |a Automóviles  |9 260871 
650 7 |a MANTENCION  |2 CL-VaPUC  |9 413284 
583 |a last modification  |c 20091105 00:00:00  |k Rodrigo Vera 
999 |c 336930  |d 336928